[Event "Tournoi francophone 005 Groupe D"]
[Site "Skype"]
[Date "????.??.??"]
[Round "1.1"]
[White "Vincent, Andre"]
[Black "Milanese, Serge"]
[Result "1-0"]
[WhiteElo "1386"]
[BlackElo "1442"]
[PlyCount "115"]

1. Nf3 Nc6 2. g3 e6 3. Bg2 Nf6 4. c4 Bc5 5. O-O d6 6. d4 Bb6 7. Nc3 d5 8. cxd5
exd5 9. Bf4 a6 10. a3 Ne4 11. Nxe4 dxe4 12. Ng5 Bxd4 13. Rb1 Qe7 14. Qc2 Bd7
15. Qxe4 Qxe4 16. Bxe4 g6 17. Bxc7 O-O 18. e3 Be5 19. Bxe5 Nxe5 20. Bxb7 Bc6
21. Bxc6 Nxc6 22. b4 Ne5 23. Rfd1 h6 24. Rd5 Rae8 25. Nh3 Nc4 26. Rb3 Re6 27.
Nf4 Re7 28. Ne2 Kg7 29. Rd4 Ne5 30. Kg2 Rc8 31. Rc3 Rce8 32. h3 h5 33. Nf4 Rh8
34. Nd5 Rd7 35. Nb6 Rxd4 36. exd4 Rb8 37. dxe5 Rxb6 38. f4 Re6 39. Rc2 Kh6 40.
a4 f5 41. exf6 Rxf6 42. h4 Rb6 43. Rc4 Rd6 44. Kf3 Rd1 45. Ke4 Rg1 46. Kf3 Ra1
47. b5 axb5 48. axb5 Rb1 49. Rc5 Kg7 50. Rc7+ Kf8 51. Rb7 Ke8 52. b6 Kd8 53.
Rb8+ Kd7 54. g4 hxg4+ 55. Kxg4 Kc6 56. Kg5 Rxb6 57. Rxb6+ Kxb6 58. Kxg6 1-0

[Event "Tournoi francophone 005 Groupe D"]
[Site "Skype"]
[Date "????.??.??"]
[Round "1.2"]
[White "Bouffard, Georges"]
[Black "Martin, Jean-Claude"]
[Result "0-1"]
[WhiteElo "1432"]
[BlackElo "1434"]
[PlyCount "112"]

1. c4 c5 2. d3 Nc6 3. Nf3 e5 4. e4 Nf6 5. Nc3 h6 6. Nd5 Nxd5 7. cxd5 Nd4 8.
Nxe5 d6 9. Nf3 Bg4 10. Be2 Nxf3+ 11. Bxf3 Bxf3 12. Qxf3 Be7 13. Bf4 Qa5+ 14.
Bd2 Qb5 15. Bc3 O-O 16. O-O f6 17. Qe2 Rae8 18. Qc2 Bd8 19. a4 Qd7 20. f3 a5
21. Rfe1 b6 22. Qb3 Qf7 23. Re2 Re7 24. Rae1 Rfe8 25. Qc2 g5 26. g4 Kh7 27. Bd2
Qg6 28. Qc4 h5 29. Rg2 h4 30. Bc3 Ra7 31. h3 Kg7 32. Ree2 Kh7 33. Re3 Qf7 34.
d4 Qd7 35. Rf2 Rb7 36. f4 b5 37. axb5 Qxb5 38. Qa2 cxd4 39. Bxd4 Bb6 40. Rd2
gxf4 41. Re1 Bxd4+ 42. Rxd4 Qxb2 43. Rd2 Qc3 44. Kf1 Qxh3+ 45. Rg2 f3 46. Qf2
fxg2+ 47. Qxg2 Qxg2+ 48. Kxg2 Rb2+ 49. Kh3 Rb4 50. Kxh4 Rbxe4 51. Rxe4 Rxe4 52.
Kh5 a4 53. g5 fxg5 54. Kxg5 Re5+ 55. Kf6 Rxd5 56. Ke6 Rd1 0-1

[Event "Tournoi francophone 005 Groupe D"]
[Site "Skype"]
[Date "????.??.??"]
[Round "1.3"]
[White "Dubois, Real"]
[Black "Maccaferri, Massimo"]
[Result "0-1"]
[WhiteElo "1381"]
[BlackElo "1261"]
[PlyCount "44"]

1. d4 d5 2. Nf3 h5 3. c3 Qd6 4. Nbd2 g6 5. e3 f6 6. Bd3 Bf5 7. Qc2 e5 8. Bxf5
gxf5 9. Qxf5 Nd7 10. dxe5 fxe5 11. Qd3 e4 12. Nxe4 dxe4 13. Qxe4+ Be7 14. Qxb7
Nb6 15. O-O Qg6 16. Nd4 Bd6 17. Qc6+ Kd8 18. Qf3 Nf6 19. Qh3 Rg8 20. Nc6+ Ke8
21. Qe6+ Kf8 22. e4 Qxg2# 0-1

[Event "Tournoi francophone 005 Groupe D"]
[Site "Skype"]
[Date "????.??.??"]
[Round "1.4"]
[White "Porcabeuf, Jean-Marc"]
[Black "Tamditi, Ibrahim"]
[Result "0-1"]
[WhiteElo "1337"]
[BlackElo "1343"]
[PlyCount "72"]

1. d4 g6 2. e3 Bg7 3. Nf3 e6 4. Bd3 Ne7 5. O-O O-O 6. Re1 d5 7. c3 b6 8. Nbd2
Bb7 9. e4 c6 10. e5 Nd7 11. Bc2 Qc7 12. Nf1 Ba6 13. Ng3 c5 14. Bf4 f6 15. Qd2
fxe5 16. dxe5 Nc6 17. Bh6 Ndxe5 18. Bxg7 Nxf3+ 19. gxf3 Qxg7 20. Rxe6 Ne5 21.
Qxd5 Nxf3+ 22. Kg2 Bb7 23. Qc4 Ne5+ 24. Kf1 Nxc4 25. Bb3 Qf7 26. Re2 Ne3+ 27.
Ke1 c4 28. Ba4 Ng2+ 29. Kf1 Rae8 30. Bxe8 Rxe8 31. Rxe8+ Qxe8 32. Rd1 Qe7 33.
b3 cxb3 34. axb3 Bf3 35. Ra1 Qe5 36. c4 Qxa1# 0-1

[Event "Tournoi francophone 005 Groupe D"]
[Site "Skype"]
[Date "????.??.??"]
[Round "2.1"]
[White "Milanese, Serge"]
[Black "Malbec, Robert"]
[Result "0-1"]
[WhiteElo "1442"]
[BlackElo "1477"]
[PlyCount "102"]

1. d4 d5 2. Nf3 Nf6 3. Nc3 Bg4 4. e3 e6 5. a3 Bd6 6. Be2 O-O 7. O-O c6 8. b4
Qc7 9. g3 Nbd7 10. Ng5 Bxe2 11. Qxe2 h6 12. Nf3 e5 13. Re1 e4 14. Nh4 Nh7 15.
Qg4 Ndf6 16. Qf5 g6 17. Nxg6 fxg6 18. Qxg6+ Qg7 19. Qxg7+ Kxg7 20. h4 Kf7 21.
Bd2 Rg8 22. Kg2 Rg7 23. Rg1 Rag8 24. Kh3 Ng4 25. Raf1 Ke7 26. f3 exf3 27. Rxf3
Nhf6 28. e4 Nxe4 29. Nxe4 dxe4 30. Re1 e3 31. Bxe3 Nxe3 32. Rfxe3+ Kd7 33. Rg1
b6 34. c4 c5 35. dxc5 bxc5 36. b5 Re7 37. Rxe7+ Kxe7 38. h5 Rg5 39. g4 Re5 40.
g5 hxg5 41. h6 Kf7 42. Rf1+ Kg6 43. Rf6+ Kh7 44. Rxd6 Re4 45. Rd5 Rxc4 46. Rxg5
Kxh6 47. Rg4 Rc3+ 48. Rg3 Rc1 49. a4 c4 50. a5 Rb1 51. b6 axb6 0-1

[Event "Tournoi francophone 005 Groupe D"]
[Site "Skype"]
[Date "????.??.??"]
[Round "2.3"]
[White "Maccaferri, Massimo"]
[Black "Porcabeuf, Jean-Marc"]
[Result "1-0"]
[WhiteElo "1261"]
[BlackElo "1337"]
[PlyCount "51"]

1. e4 e5 2. Bc4 Nf6 3. Nc3 c6 4. h4 d6 5. d3 h6 6. Qf3 Bg4 7. Qg3 Be7 8. f3 Bc8
9. Qxg7 Rh7 10. Bxf7+ Kd7 11. Qg6 Rxf7 12. Qxf7 Kc7 13. Bxh6 Nbd7 14. Bg5 Kb8
15. h5 Nf8 16. h6 Bd7 17. f4 Be8 18. Qb3 b6 19. fxe5 dxe5 20. Bxf6 Bxf6 21. h7
Bh4+ 22. g3 Bxg3+ 23. Ke2 Bg6 24. Qg8 Bxh7 25. Rxh7 Nxh7 26. Qxd8+ 1-0

[Event "Tournoi francophone 005 Groupe D"]
[Site "Skype"]
[Date "????.??.??"]
[Round "2.4"]
[White "Martin, Jean-Claude"]
[Black "Dubois, Real"]
[Result "0-1"]
[WhiteElo "1434"]
[BlackElo "1381"]
[PlyCount "56"]

1. d4 d5 2. c4 e6 3. Nc3 Nf6 4. Bg5 Be7 5. e3 dxc4 6. Bxc4 O-O 7. Nf3 c6 8. O-O
Nd5 9. Bxe7 Qxe7 10. Rc1 a6 11. Nxd5 exd5 12. Bb3 Nd7 13. Re1 Nf6 14. Nd2 Ng4
15. h3 Nh6 16. Nf3 Re8 17. Bc2 Bf5 18. Bxf5 Nxf5 19. Qd3 Nd6 20. b3 Ne4 21. Qe2
Rad8 22. Ne5 f6 23. Ng4 Rd7 24. Nh2 Qf7 25. Nf1 Rde7 26. Qb2 Qg6 27. f3 Ng5 28.
Qc2 Nxh3+ 0-1

[Event "Tournoi francophone 005 Groupe D"]
[Site "Skype"]
[Date "????.??.??"]
[Round "2.5"]
[White "Vincent, Andre"]
[Black "Bouffard, Georges"]
[Result "1-0"]
[WhiteElo "1386"]
[BlackElo "1432"]
[PlyCount "127"]

1. e4 e5 2. Nf3 d6 3. Nc3 Nf6 4. Be2 Be7 5. d4 Nbd7 6. dxe5 Nxe5 7. Nxe5 dxe5
8. Bg5 c6 9. Qxd8+ Bxd8 10. Rd1 Be7 11. h3 Bd7 12. O-O Rd8 13. a4 h6 14. Be3 b6
15. Rd2 Bg4 16. Rxd8+ Bxd8 17. hxg4 h5 18. f3 h4 19. Kh2 g6 20. f4 Nd7 21. g5
f6 22. gxf6 Bxf6 23. Bg4 Ke7 24. Bxd7 Kxd7 25. Ne2 g5 26. Rd1+ Ke6 27. f5+ Ke7
28. Ng1 Rg8 29. Ne2 g4 30. Rh1 h3 31. g3 Bg5 32. Bxg5+ Rxg5 33. Rf1 Kf6 34. c4
Rg7 35. Rd1 Rf7 36. Nc3 Ke7 37. b4 a6 38. b5 axb5 39. axb5 Rf6 40. Rd3 Rd6 41.
Rxd6 Kxd6 42. f6 cxb5 43. cxb5 Ke6 44. Nd5 Kf7 45. Nxb6 Kxf6 46. Nd5+ Ke6 47.
b6 Kd7 48. b7 Kc6 49. b8=Q Kc5 50. Qb6+ Kc4 51. Qe3 Kb5 52. Qg5 Kc5 53. Qxg4
Kd4 54. Kxh3 Kc5 55. Qc8+ Kd4 56. Qf5 Kc5 57. g4 Kd4 58. g5 Kc5 59. g6 Kd4 60.
g7 Kc5 61. g8=Q Kd4 62. Qf3 Kc5 63. Qc8+ Kd6 64. Qf6# 1-0

[Event "Tournoi francophone 005 Groupe D"]
[Site "Skype"]
[Date "????.??.??"]
[Round "3.1"]
[White "Bouffard, Georges"]
[Black "Milanese, Serge"]
[Result "0-1"]
[WhiteElo "1432"]
[BlackElo "1442"]
[PlyCount "102"]

1. d4 Nf6 2. Nc3 e6 3. f4 d5 4. e3 Nbd7 5. Nf3 a6 6. Bd3 c5 7. a3 c4 8. Be2 Qc7
9. Ne5 Nxe5 10. fxe5 Ne4 11. O-O g6 12. Bf3 Nxc3 13. bxc3 b5 14. Qe2 Bb7 15. e4
Qe7 16. Bf4 Rd8 17. Qe3 h5 18. Bg5 Bh6 19. h4 Bxg5 20. hxg5 h4 21. Kf2 Kd7 22.
Qf4 Kc8 23. Rfb1 Rh7 24. a4 h3 25. Rh1 Rdh8 26. g3 dxe4 27. Bxe4 Rh5 28. Bxb7+
Qxb7 29. Rh2 R8h7 30. g4 Rh4 31. Qg3 Kb8 32. Rb1 Qe4 33. Re1 Qxc2+ 34. Re2 Qxa4
35. Qf4 Qa3 36. Re3 Kc8 37. Kg3 Qc1 38. Qf3 Qg1+ 39. Kf4 Qxh2+ 40. Qg3 Qxg3+
41. Kxg3 h2 42. Re1 h1=Q 43. Rxh1 Rxh1 44. d5 a5 45. Kf4 a4 46. Ke4 a3 47. d6
a2 48. Kd4 a1=Q 49. Kc5 Qxc3 50. d7+ Kxd7 51. Kxb5 Rb1+ 0-1

[Event "Tournoi francophone 005 Groupe D"]
[Site "Skype"]
[Date "????.??.??"]
[Round "3.2"]
[White "Dubois, Real"]
[Black "Vincent, Andre"]
[Result "1-0"]
[WhiteElo "1381"]
[BlackElo "1386"]
[PlyCount "65"]

1. d4 Nf6 2. c4 d5 3. e3 c6 4. Nf3 Bg4 5. Be2 e6 6. a3 Nbd7 7. O-O Be7 8. b4 b6
9. Bb2 Ne4 10. cxd5 cxd5 11. Nbd2 Nxd2 12. Nxd2 Bxe2 13. Qxe2 Nf6 14. Rac1 O-O
15. Rc3 Qd7 16. Rfc1 Bd6 17. f3 b5 18. Nf1 a6 19. Qc2 Rfd8 20. Rc6 Ne8 21. e4
Bf4 22. Nd2 Bxd2 23. Qxd2 dxe4 24. fxe4 Ra7 25. d5 Nc7 26. Qg5 Ne8 27. dxe6
fxe6 28. e5 Qf7 29. Qxd8 Rd7 30. Qb6 Rd2 31. Rf1 Qg6 32. g3 Rxb2 33. Rxe6 1-0

[Event "Tournoi francophone 005 Groupe D"]
[Site "Skype"]
[Date "????.??.??"]
[Round "3.3"]
[White "Porcabeuf, Jean-Marc"]
[Black "Martin, Jean-Claude"]
[Result "0-1"]
[WhiteElo "1337"]
[BlackElo "1434"]
[PlyCount "60"]

1. d4 e5 2. dxe5 Nc6 3. Nf3 Qe7 4. e4 Nxe5 5. Nxe5 Qxe5 6. Bd3 Nf6 7. Nd2 d5 8.
Nf3 Bg4 9. Be2 Bxf3 10. Bxf3 dxe4 11. Qe2 O-O-O 12. g3 Bd6 13. O-O Rhe8 14. Bf4
Qxb2 15. Bxd6 exf3 16. Qxf3 Rxd6 17. Rab1 Qxc2 18. Qxb7+ Kd7 19. Qb5+ Qc6 20.
Qf5+ Ree6 21. Rfc1 Qd5 22. Qf4 Re4 23. Qxd6+ Qxd6 24. Rd1 Rd4 25. Rdc1 Qd5 26.
Rb3 Rd1+ 27. Rxd1 Qxd1+ 28. Kg2 Qd5+ 29. Kg1 Ne4 30. Rb7 Qxb7 0-1

[Event "Tournoi francophone 005 Groupe D"]
[Site "Skype"]
[Date "????.??.??"]
[Round "3.5"]
[White "Malbec, Robert"]
[Black "Tamditi, Ibrahim"]
[Result "0-1"]
[WhiteElo "1477"]
[BlackElo "1343"]
[PlyCount "66"]

1. e4 g6 2. d4 Bg7 3. Nf3 Nf6 4. Bd3 O-O 5. Nc3 b6 6. Bd2 Bb7 7. h3 d6 8. Qc1
Nfd7 9. Bh6 e5 10. Bxg7 Kxg7 11. Qe3 Qf6 12. d5 c6 13. O-O-O cxd5 14. exd5 Rc8
15. g4 h6 16. h4 Nc5 17. g5 hxg5 18. hxg5 Nxd3+ 19. Rxd3 Qe7 20. Qe4 Nd7 21.
Rdd1 Nc5 22. Qh4 Rh8 23. Qg4 Rxh1 24. Rxh1 Rh8 25. Rxh8 Kxh8 26. Qh4+ Kg8 27.
Nd2 Ba6 28. Nde4 Nd7 29. Nf6+ Nxf6 30. Ne4 Nxe4 31. Qxe4 Qxg5+ 32. Kb1 Qg1+ 33.
Qe1 Qxe1# 0-1

[Event "Tournoi francophone 005 Groupe D"]
[Site "Skype"]
[Date "????.??.??"]
[Round "4.1"]
[White "Milanese, Serge"]
[Black "Tamditi, Ibrahim"]
[Result "0-1"]
[WhiteElo "1442"]
[BlackElo "1343"]
[PlyCount "48"]

1. e4 e5 2. Nf3 Nc6 3. a3 Nf6 4. Nc3 Bc5 5. h3 O-O 6. d3 Bd4 7. Be2 Bxc3+ 8.
bxc3 h6 9. Bb2 Re8 10. c4 d6 11. O-O a6 12. Nd2 Rb8 13. a4 b5 14. a5 Be6 15.
Bc1 bxc4 16. dxc4 Nd4 17. c3 Nc6 18. Nb3 Nxe4 19. Bd2 Qh4 20. f3 Ng3 21. Be1
Nxe2+ 22. Qxe2 Qxc4 23. Qxc4 Bxc4 24. Nd2 Bxf1 0-1

[Event "Tournoi francophone 005 Groupe D"]
[Site "Skype"]
[Date "????.??.??"]
[Round "4.2"]
[White "Maccaferri, Massimo"]
[Black "Malbec, Robert"]
[Result "1-0"]
[WhiteElo "1261"]
[BlackElo "1477"]
[PlyCount "75"]

1. e4 e5 2. Bc4 Bc5 3. Nc3 Nf6 4. Nd5 c6 5. Nc3 O-O 6. Qf3 a5 7. Qg3 d6 8. Be2
b5 9. d4 Bxd4 10. Bh6 g6 11. Bxf8 Qxf8 12. h4 Bxc3+ 13. bxc3 Nxe4 14. Qf3 d5
15. a3 Ba6 16. h5 Qh6 17. Nh3 Bc8 18. g4 Ng5 19. Nxg5 Qxg5 20. hxg6 Qxg6 21.
Qg3 Nd7 22. g5 Nf8 23. Bd3 e4 24. Be2 Ne6 25. Rh6 Qxg5 26. Qh2 Qg7 27. Rh3
Qxc3+ 28. Kf1 Qxa1+ 29. Kg2 Qg7+ 30. Rg3 Qxg3+ 31. Qxg3+ Ng7 32. Qd6 Bb7 33.
Qc7 Ba6 34. Qxc6 Ra7 35. Qb6 Ra8 36. Qc6 Ra7 37. Qxd5 e3 38. Qd8+ 1-0

[Event "Tournoi francophone 005 Groupe D"]
[Site "Skype"]
[Date "????.??.??"]
[Round "4.4"]
[White "Vincent, Andre"]
[Black "Porcabeuf, Jean-Marc"]
[Result "1/2-1/2"]
[WhiteElo "1386"]
[BlackElo "1337"]
[PlyCount "95"]

1. e4 e6 2. d4 d5 3. exd5 exd5 4. Be2 h6 5. Nf3 Bd6 6. Nc3 Nf6 7. Bb5+ c6 8.
Qe2+ Be6 9. Bd3 O-O 10. h3 Re8 11. Be3 Nbd7 12. Qd2 Bf8 13. O-O Nh7 14. Bxh7+
Kxh7 15. Bf4 Nf6 16. Rfe1 Bd6 17. Ne5 Nh5 18. Qd3+ Kg8 19. Qf3 Qf6 20. Ne2 g5
21. Qxh5 gxf4 22. Nc3 Kh7 23. Qf3 Rg8 24. Rad1 Rg5 25. Ng4 Bxg4 26. hxg4 Rag8
27. Qd3+ R8g6 28. f3 h5 29. Kf2 hxg4 30. Rh1+ Kg7 31. Rde1 gxf3 32. Kxf3 Rg3+
33. Ke2 Rxd3 34. Kxd3 Rxg2 35. Re2 Qf5+ 36. Kd2 Rxe2+ 37. Nxe2 f3 38. Rg1+ Kf8
39. Rf1 Qf4+ 40. Nxf4 Bxf4+ 41. Kd3 b5 42. Rxf3 Bc1 43. b3 a5 44. Rf6 c5 45.
dxc5 Bb2 46. Rb6 a4 47. bxa4 b4 48. c6 1/2-1/2

[Event "Tournoi francophone 005 Groupe D"]
[Site "Skype"]
[Date "????.??.??"]
[Round "4.5"]
[White "Bouffard, Georges"]
[Black "Dubois, Real"]
[Result "1-0"]
[WhiteElo "1432"]
[BlackElo "1381"]
[PlyCount "35"]

1. e3 g6 2. d4 d5 3. Bd3 c6 4. f4 Bg7 5. c3 Nf6 6. Nd2 Be6 7. Ngf3 Ng4 8. Qe2
Nd7 9. Ne5 Ngf6 10. O-O O-O 11. f5 Nxe5 12. dxe5 gxf5 13. Bxf5 Nd7 14. Qh5 Bxf5
15. Rxf5 Nxe5 16. Nf3 Ng6 17. Ng5 f6 18. Qxh7# 1-0

[Event "Tournoi francophone 005 Groupe D"]
[Site "Skype"]
[Date "????.??.??"]
[Round "5.1"]
[White "Dubois, Real"]
[Black "Milanese, Serge"]
[Result "1/2-1/2"]
[WhiteElo "1381"]
[BlackElo "1442"]
[PlyCount "112"]

1. d4 Nf6 2. c4 d5 3. Nc3 e6 4. e3 Bb4 5. Qc2 Bxc3+ 6. Qxc3 Nbd7 7. Ne2 Ne4 8.
Qc2 Qf6 9. Nc3 Nxc3 10. Qxc3 c6 11. Be2 Qe7 12. c5 b6 13. cxb6 Nxb6 14. Qxc6+
Kd8 15. b3 Qc7 16. Qxc7+ Kxc7 17. Ba3 a6 18. Rc1+ Kd7 19. O-O f5 20. f4 Bb7 21.
Rc5 Rac8 22. Rfc1 Ke8 23. Rc7 Rb8 24. Re7+ Kd8 25. Rcc7 Na8 26. Rcd7+ Kc8 27.
Rxg7 Rd8 28. Rxd8+ Kxd8 29. Rxh7 Rc8 30. Rh8+ Kd7 31. Rxc8 Kxc8 32. h4 Kd8 33.
h5 Ke8 34. Bd6 Nb6 35. h6 Kf7 36. h7 Kg7 37. g4 Kxh7 38. g5 Kg6 39. Be7 Nc8 40.
Bf6 Nd6 41. Kh2 Ne4 42. Bd8 Nc3 43. Bd1 Nxd1 44. Kh3 Nxe3 45. Kh4 Nc2 46. Be7
Nxd4 47. b4 Bc6 48. a3 Ne2 49. Bd6 d4 50. Kh3 d3 51. b5 Bxb5 52. Bb4 Nxf4+ 53.
Kg3 Kxg5 54. Bd2 e5 55. Kf3 e4+ 56. Kg3 Bc4 1/2-1/2

[Event "Tournoi francophone 005 Groupe D"]
[Site "Skype"]
[Date "????.??.??"]
[Round "5.2"]
[White "Porcabeuf, Jean-Marc"]
[Black "Bouffard, Georges"]
[Result "0-1"]
[WhiteElo "1337"]
[BlackElo "1432"]
[PlyCount "48"]

1. d4 Nf6 2. Nf3 d6 3. h3 Bf5 4. c4 d5 5. c5 c6 6. Nc3 Nbd7 7. e3 e6 8. Be2 h6
9. O-O Be7 10. Re1 O-O 11. Bd3 Ne4 12. Bc2 f6 13. Nh4 Bh7 14. Nxe4 dxe4 15. f3
f5 16. Bxe4 Bxh4 17. Bxf5 exf5 18. Rf1 f4 19. exf4 Bf5 20. Kh2 Rf6 21. g3 Bxg3+
22. Kxg3 Rg6+ 23. Kh2 Qh4 24. Rg1 Qxf4+ 0-1

[Event "Tournoi francophone 005 Groupe D"]
[Site "Skype"]
[Date "????.??.??"]
[Round "5.4"]
[White "Malbec, Robert"]
[Black "Martin, Jean-Claude"]
[Result "0-1"]
[WhiteElo "1477"]
[BlackElo "1434"]
[PlyCount "34"]

1. e4 d5 2. exd5 Qxd5 3. Nc3 Qa5 4. d4 Nf6 5. Nf3 Bg4 6. Be2 Nc6 7. O-O O-O-O
8. Be3 e5 9. Nxe5 Nxe5 10. Bxg4+ Nexg4 11. Qf3 Bd6 12. g3 Bb4 13. Ne2 Rhe8 14.
c3 Bd6 15. b4 Qd5 16. Qxd5 Nxd5 17. Bd2 Rxe2 0-1

[Event "Tournoi francophone 005 Groupe D"]
[Site "Skype"]
[Date "????.??.??"]
[Round "6.1"]
[White "Milanese, Serge"]
[Black "Maccaferri, Massimo"]
[Result "1-0"]
[WhiteElo "1442"]
[BlackElo "1261"]
[PlyCount "51"]

1. e4 b6 2. g3 Bb7 3. d3 f6 4. Bg2 f5 5. c3 Nf6 6. Nd2 Ba6 7. exf5 Nc6 8. c4 d5
9. Qa4 Qd7 10. Qxa6 Nd4 11. Rb1 Qxf5 12. Bf3 Qxd3 13. Qa4+ c6 14. cxd5 Nc2+ 15.
Kd1 Ne3+ 16. fxe3 b5 17. Be4 Qxe3 18. Qa6 Nxe4 19. Qxc6+ Kf7 20. Qe6+ Ke8 21.
Qxe4 Qc5 22. Ngf3 Rd8 23. Nb3 Rxd5+ 24. Bd2 Qf2 25. Qxd5 Qxf3+ 26. Qxf3 1-0

[Event "Tournoi francophone 005 Groupe D"]
[Site "Skype"]
[Date "????.??.??"]
[Round "6.2"]
[White "Martin, Jean-Claude"]
[Black "Tamditi, Ibrahim"]
[Result "1/2-1/2"]
[WhiteElo "1434"]
[BlackElo "1343"]
[PlyCount "63"]

1. d4 Nf6 2. c4 g6 3. Nc3 Bg7 4. e4 d6 5. Bd3 b6 6. Nf3 Nbd7 7. e5 dxe5 8. dxe5
Ng4 9. Bf4 Bb7 10. Be4 Bxe4 11. Nxe4 Bxe5 12. Bxe5 Ngxe5 13. Nxe5 Nxe5 14.
Qxd8+ Rxd8 15. b3 Nd3+ 16. Ke2 O-O 17. Rhd1 Nf4+ 18. Kf3 Rxd1 19. Rxd1 Ne6 20.
g3 f5 21. Nc3 Ng5+ 22. Kg2 c6 23. Rd7 e5 24. Re7 e4 25. Rxa7 Rb8 26. h4 Ne6 27.
Rd7 Nc5 28. Rd6 Rc8 29. f3 e3 30. Ne2 Ra8 31. Nc3 Rc8 32. Ne2 1/2-1/2

[Event "Tournoi francophone 005 Groupe D"]
[Site "Skype"]
[Date "????.??.??"]
[Round "6.3"]
[White "Vincent, Andre"]
[Black "Malbec, Robert"]
[Result "1/2-1/2"]
[WhiteElo "1386"]
[BlackElo "1477"]
[PlyCount "85"]

1. d4 d5 2. c4 e6 3. Nc3 Nf6 4. Nf3 Be7 5. e3 O-O 6. Bd2 b6 7. Rb1 Nc6 8. a3
Ba6 9. Nb5 Bb7 10. b4 a6 11. Nc3 dxc4 12. Bxc4 b5 13. Ba2 Qd7 14. O-O Nd8 15.
Re1 Bc6 16. Ne5 Qd6 17. Nxc6 Nxc6 18. Qf3 Rab8 19. Ne2 Rfd8 20. Bc3 Nd5 21.
Bxd5 Qxd5 22. Qxd5 Rxd5 23. e4 Rdd8 24. Rbd1 Bg5 25. f4 Bh6 26. g3 g6 27. Kg2
Ne7 28. g4 Rd7 29. Kf3 Rbd8 30. Ke3 f6 31. h4 Kf7 32. Rf1 Rf8 33. Ng3 Ke8 34.
g5 Bg7 35. h5 f5 36. e5 Nc8 37. Kd3 Nb6 38. h6 Bh8 39. Bb2 Nc4 40. Rf2 Ke7 41.
Rc2 Kd8 42. Ne2 Nd2 43. Rcxd2 1/2-1/2

[Event "Tournoi francophone 005 Groupe D"]
[Site "Skype"]
[Date "????.??.??"]
[Round "6.5"]
[White "Dubois, Real"]
[Black "Porcabeuf, Jean-Marc"]
[Result "0-1"]
[WhiteElo "1381"]
[BlackElo "1337"]
[PlyCount "82"]

1. d4 d5 2. g3 e6 3. Nf3 Nf6 4. Bg2 h6 5. c3 Be7 6. Ne5 Nbd7 7. Nd3 O-O 8. Nd2
c5 9. dxc5 Nxc5 10. Ne5 Nh7 11. Ndf3 f6 12. Ng6 Rf7 13. Nxe7+ Qxe7 14. O-O Nd7
15. a3 Ne5 16. Nd4 f5 17. b3 Bd7 18. a4 Raf8 19. Ba3 Qf6 20. Bxf8 Nxf8 21. Nc2
Bc6 22. Qd4 Nfg6 23. Nb4 f4 24. Qxf4 Nxf4 25. Nxc6 bxc6 26. gxf4 Qxf4 27. e3
Nf3+ 28. Kh1 Qh4 29. Bxf3 Rxf3 30. Ra2 Rh3 31. f3 g5 32. Kg1 g4 33. Rg2 h5 34.
b4 g3 35. Rxg3+ Rxg3+ 36. hxg3 Qxg3+ 37. Kh1 Kf7 38. e4 h4 39. exd5 cxd5 40. b5
h3 41. a5 Qg2# 0-1

[Event "Tournoi francophone 005 Groupe D"]
[Site "Skype"]
[Date "????.??.??"]
[Round "7.1"]
[White "Porcabeuf, Jean-Marc"]
[Black "Milanese, Serge"]
[Result "1-0"]
[WhiteElo "1337"]
[BlackElo "1442"]
[PlyCount "73"]

1. d4 Nf6 2. Nf3 d5 3. e3 e6 4. Bd3 Nbd7 5. c3 a6 6. O-O g6 7. Nbd2 Bg7 8. Re1
O-O 9. e4 c5 10. exd5 exd5 11. h3 Re8 12. Nf1 c4 13. Bc2 Re7 14. Bf4 Ne8 15.
Qd2 Ndf6 16. Rxe7 Qxe7 17. Re1 Qf8 18. Ng3 h6 19. Qe2 Bd7 20. Ne5 Bf5 21. Bxf5
gxf5 22. Nxf5 Nd6 23. Nxg7 Qxg7 24. Bxh6 Qxh6 25. Ng4 Nxg4 26. Qxg4+ Kf8 27.
Qd7 Kg7 28. Re3 Ne4 29. Qxd5 Ng3 30. Rxg3+ Kf8 31. Rf3 Qg7 32. Qxb7 Re8 33. d5
Qg6 34. Qd7 Qb1+ 35. Kh2 Re7 36. Qd8+ Kg7 37. Qxe7 1-0

[Event "Tournoi francophone 005 Groupe D"]
[Site "Skype"]
[Date "????.??.??"]
[Round "7.3"]
[White "Malbec, Robert"]
[Black "Bouffard, Georges"]
[Result "1-0"]
[WhiteElo "1477"]
[BlackElo "1432"]
[PlyCount "105"]

1. e4 d6 2. d4 g6 3. c3 Bg7 4. Nf3 e5 5. Be3 f6 6. Bc4 Ne7 7. O-O d5 8. exd5
Nxd5 9. Qd2 Qe7 10. Bxd5 exd4 11. Bxd4 Nd7 12. Re1 Ne5 13. Qe3 Bd7 14. Nxe5
O-O-O 15. Nf3 Qxe3 16. Rxe3 c6 17. Bb3 a6 18. Nbd2 b5 19. a3 Rhf8 20. Rae1 Bh6
21. Re7 Rde8 22. Rxe8+ Bxe8 23. Re6 Bg7 24. Ne4 Bd7 25. Rd6 Kc7 26. h3 Bf5 27.
Nfd2 Rd8 28. Rxd8 Kxd8 29. g4 Ke7 30. gxf5 gxf5 31. Ng3 Bh8 32. Nxf5+ Kd7 33.
Ne4 h5 34. Bxf6 Bxf6 35. Nxf6+ Kc7 36. Nxh5 c5 37. c4 b4 38. axb4 Kb6 39. bxc5+
Kxc5 40. h4 Kb4 41. Ba2 a5 42. Nf4 a4 43. h5 a3 44. bxa3+ Kxa3 45. h6 Kxa2 46.
h7 Kb3 47. c5 Kc3 48. h8=Q+ Kd2 49. Qd4+ Kc2 50. Ne3+ Kb3 51. Qc4+ Kb2 52. Nd3+
Ka3 53. Nc2# 1-0

[Event "Tournoi francophone 005 Groupe D"]
[Site "Skype"]
[Date "????.??.??"]
[Round "7.4"]
[White "Tamditi, Ibrahim"]
[Black "Vincent, Andre"]
[Result "1-0"]
[WhiteElo "1343"]
[BlackElo "1386"]
[PlyCount "81"]

1. Nf3 d5 2. g3 c6 3. Bg2 Nf6 4. d4 e6 5. a3 Be7 6. Bf4 Nbd7 7. Nc3 O-O 8. O-O
b5 9. b4 Bb7 10. e3 Rc8 11. Ne2 Re8 12. c3 Nf8 13. a4 a6 14. Qc2 Ng6 15. Bh3
Bd6 16. Bxd6 Qxd6 17. Rfe1 Re7 18. Nf4 Nxf4 19. exf4 Rce8 20. Ng5 Bc8 21. Re5
g6 22. Ra2 h6 23. Nf3 Kg7 24. Nh4 Nh7 25. Qd3 Rf8 26. g4 Rc7 27. f5 exf5 28.
gxf5 Qf6 29. fxg6 Bxh3 30. Qxh3 fxg6 31. Qg3 Rcf7 32. Kf1 Qxf2+ 33. Rxf2 Rxf2+
34. Kg1 Rf1+ 35. Kg2 Ng5 36. Re7+ Kg8 37. Nxg6 R8f3 38. Qb8+ Rf8 39. Nxf8 Rxf8
40. Qe5 Rf7 41. Rxf7 1-0

[Event "Tournoi francophone 005 Groupe D"]
[Site "Skype"]
[Date "????.??.??"]
[Round "7.5"]
[White "Maccaferri, Massimo"]
[Black "Martin, Jean-Claude"]
[Result "0-1"]
[WhiteElo "1261"]
[BlackElo "1434"]
[PlyCount "36"]

1. e4 d5 2. e5 c5 3. d4 cxd4 4. Qxd4 Nc6 5. Bb5 e6 6. Qa4 Bd7 7. h4 Nxe5 8. Nf3
Nxf3+ 9. gxf3 Nf6 10. Rg1 a6 11. Bxd7+ Nxd7 12. Bd2 Rc8 13. Bc3 Rc4 14. b4 Qc7
15. Bxg7 Bxg7 16. Rxg7 Qe5+ 17. Kd1 Qxg7 18. Nc3 Qg1+ 0-1

[Event "Tournoi francophone 005 Groupe D"]
[Site "Skype"]
[Date "????.??.??"]
[Round "8.1"]
[White "Milanese, Serge"]
[Black "Martin, Jean-Claude"]
[Result "1-0"]
[WhiteElo "1442"]
[BlackElo "1434"]
[PlyCount "59"]

1. Nf3 d5 2. d4 e6 3. e3 Nf6 4. c4 Bb4+ 5. Bd2 Bxd2+ 6. Nbxd2 O-O 7. Bd3 b6 8.
O-O Bb7 9. Rc1 c6 10. c5 b5 11. Re1 Re8 12. e4 Nxe4 13. Nxe4 dxe4 14. Bxe4 Nd7
15. Qc2 g6 16. a3 e5 17. Red1 Qc7 18. Qb3 exd4 19. Ng5 Ne5 20. Bxg6 hxg6 21.
Qh3 Kg7 22. Rxd4 Rh8 23. Rh4 Bc8 24. Rh7+ Rxh7 25. Qxh7+ Kf6 26. Ne4+ Ke6 27.
Rd1 Nc4 28. Qh3+ Ke7 29. Qh4+ Ke6 30. Qf6# 1-0

[Event "Tournoi francophone 005 Groupe D"]
[Site "Skype"]
[Date "????.??.??"]
[Round "8.2"]
[White "Vincent, Andre"]
[Black "Maccaferri, Massimo"]
[Result "0-1"]
[WhiteElo "1386"]
[BlackElo "1261"]
[PlyCount "64"]

1. Nf3 Nc6 2. g3 d6 3. Bg2 e5 4. Nc3 Bf5 5. e4 Be6 6. d3 h5 7. h3 Be7 8. Be3 g5
9. d4 exd4 10. Nxd4 g4 11. Nxe6 fxe6 12. hxg4 h4 13. Ne2 Bf6 14. c3 Qe7 15. Qb3
O-O-O 16. Qa4 a6 17. Bd4 Rf8 18. O-O-O Qf7 19. f4 e5 20. fxe5 dxe5 21. Bc5 Nge7
22. Kb1 hxg3 23. Rxh8 Rxh8 24. Rh1 Rh2 25. Nxg3 Rxg2 26. Nf5 Nxf5 27. gxf5 Qd7
28. Be3 Qd3+ 29. Ka1 Qxe3 30. a3 Bh4 31. Rxh4 Qc1+ 32. Ka2 Qxb2# 0-1